| 000 | 00000nam##2200000za#4500 |
| 001 | 9.601413 |
| 003 | CaOODSP |
| 005 | 20210624210048 |
| 007 | cr ||||||||||| |
| 008 | 150406|2007||||xxc|||||o f|0| 0 fre|d |
| 022 | |a1919-5117 |
| 040 | |aCaOODSP|bfre |
| 043 | |an-cn--- |
| 086 | 1 |aFs70-6/2007-039F-PDF |
| 110 | 1 |aCanada. |bMinistère des pêches et des océans. |bRégion de la capitale nationale. |
| 245 | 10|aProtocole révisé pour l'exécution des évaluations du potentiel de rétablissement |h[ressource électronique] |
| 260 | |aOttawa - Ontario : |bPêches et Océans Canada. |cDécembre 2007 (Révisé : avril 2009). |
| 300 | |a12p.|bcarte en couleur, références |
| 490 | 1 |aSecrétariat canadien de consultation scientifique, avis scientifique |x1919-5117|v2007/039, Région de la capitale nationale |
| 590 | |a11-20-Supp|b2011-09-29 |
| 775 | 08|tRevised protocol for conducting recovery potential assessments |w(CaOODSP)9.570766 |
| 830 | #0|aAvis scientifique (Secrétariat canadien de consultation scientifique)|x1919-5117|v2007/039, Région de la capitale nationale|w(CaOODSP)9.502624 |
| 856 | 40|ahttp://publications.gc.ca|qPDF|s114 Ko|uhttps://publications.gc.ca/collections/collection_2011/mpo-dfo/Fs70-6-2007-039-fra.pdf|y2007/039, Région de la capitale nationale |